Manga melech / (Record no. 13816)
[ view plain ]
| 000 -LEADER | |
|---|---|
| fixed length control field | 00691nam a2200169 4500 |
| 020 ## - ISBN | |
| ISBN | 9780984434930 |
| 082 ## - DEWEY DECIMAL CLASSIFICATION NUMBER | |
| Classification number | 232.9 S5566m 2010 |
| 100 ## - MAIN ENTRY--PERSONAL NAME | |
| Personal name | Shinozawa, Kozumi |
| 245 ## - TITLE STATEMENT | |
| Title | Manga melech / |
| Remainder of title | the rise and fall of kings and nations! |
| Statement of responsibility, etc. | script writer, Ryo Azumi ; art director, Ai Horie ; English editor, Joshua Ginter ; supervisor, Kenji Oyama ; coordinator, Ayako Mosaic |
| 260 ## - PUBLICATION, DISTRIBUTION, ETC. (IMPRINT) | |
| Place of publication, distribution, etc. | Japan |
| Name of publisher, distributor, etc. | NEXT |
| Date of publication, distribution, etc. | c2010 |
| 300 ## - PHYSICAL DESCRIPTION | |
| Extent/Page number | 288 pages : |
| Other physical details | chiefly color illustrations ; |
| Dimensions | 21 cm. |
| 526 ## - STUDY PROGRAM INFORMATION NOTE | |
| PROGRAM TYPE | Religion (men’s faith) |
| SUB-PROGRAM TYPE | Bible |
| 650 ## - SUBJECT ADDED ENTRY--TOPICAL TERM | |
| Topical term or geographic name as entry element | Comic books, strips, etc. -- Religious aspects |
| 650 ## - SUBJECT ADDED ENTRY--TOPICAL TERM | |
| Topical term or geographic name as entry element | Bible stories, English -- Old Testament |
| 650 ## - SUBJECT ADDED ENTRY--TOPICAL TERM | |
| Topical term or geographic name as entry element | Kings and rulers -- Biblical teaching |
| 942 ## - ADDED ENTRY ELEMENTS | |
| Classification | |
| Item type | Book |
| Withdrawn status | Lost status | Source of classification or shelving scheme | Damaged status | Not for loan | Collection code | Permanent Location | Current Location | Shelving location | Date acquired | Source of acquisition | Cost, normal purchase price | Full call number | Barcode | Date last seen | Cost, replacement price | Price effective from | Item type |
|---|---|---|---|---|---|---|---|---|---|---|---|---|---|---|---|---|---|
| Circulation | Grade School Library | Grade School Library | 2026-02-03 | MIBF | 395.00 | 232.9 S5566m 2010 | GS5749 | 2026-02-20 | 700.00 | 2026-02-03 | Book |